000 00682nam a2200289Ia 4500
005 20260324134536.0
008 008 260324s9999 xx 000 0 eng d
020 _a9781315053776
037 _aEBOOK
040 _aCRL
040 _beng
040 _cCRL
041 _2eng
041 _aeng
084 _qCRL
100 _aJohn D. Vander Weg
_91197214
245 0 _aSerial Music and Serialism
245 2 _bA Research and Information Guide
260 _bTaylor and Francis
260 _c2001
365 _a
365 _b230
856 _uhttp://www.taylorfrancis.com/books/9781315053776
942 _cEBOOK
999 _c1797419
_d1797419